Biblioteca ESET

La educación como práctica de la libertad (Registro nro. 626)

Detalles MARC
000 -CABECERA
fixed length control field 00671nam a2200241Ia 4500
003 - CONTROL NUMBER IDENTIFIER
control field AR-BeUNQ
005 - FECHA Y HORA DE LA ULTIMA TRANSACCION
control field 20240429125145.0
008 - ELEMENTOS DE LONGITUD FIJA-INFORMACION GENERAL
fixed length control field 221202s9999 xx 000 0 und d
020 ## - NUMERO INTERNACIONAL NORMALIZADO PARA LIBROS
Número Internacional Normalizado del libro 978987629021
040 ## - FUENTE DE CATALOGACION
Agencia de catalogación original AR-BeUNQ
Idioma de catalogación ESPAÑOL
Convenciones de la descripción aacr
Agencia que realiza la transcripción AR-BeUNQ
100 ## - ASIENTO PRINCIPAL-NOMBRE PERSONAL
Nombre personal Freire, Paulo.
245 #0 - MENCION DE TITULO
Título La educación como práctica de la libertad
250 ## - MENCION DE EDICION
Mención de edición 2a ed.
260 ## - PUBLICACION, DISTRIBUCION, ETC.
Lugar de publicación, distribución, etc. Buenos Aires
Nombre del editor, distribuidor, etc. Siglo XXI
Fecha de publicación, distribución, etc 2010
300 ## - DESCRIPCION FISICA
Extensión 152 p. ;
Dimensiones 21 x 14 cm
490 ## - MENCION DE SERIE
Mención de serie Biblioteca Clásica de Siglo Veintiuno
546 ## - NOTA DE IDIOMA
Nota de idioma Español
653 ## - TERMINO DE INDIZACION - NO CONTROLADO
Término de indización no controlado Educación
653 ## - TERMINO DE INDIZACION - NO CONTROLADO
Término de indización no controlado Pedagogia
700 ## - ASIENTO SECUNDARIO - NOMBRE DE PERSONA
Personal name Ronzoni, Lilien
929 ## - DATOS DE ADQUISICION
Proveedor MEN
Fecha de recibido 2022
Procedencia DONACION
Patrimonio UNQ PAT 0081578
Número de inventario 59631
942 ## - ELEMENTOS DE PUNTO DE ACCESO ADICIONAL (KOHA)
Tipo de ítem Koha Libros
Suppress in OPAC 0
Existencias
Estado de retiro Estado de pérdida Ubicación permanente Ubicación actual Ubicación en estantería Fecha de ingreso Signatura topográfica completa Inventario Date last seen Tipo de ítem Koha Total Checkouts Operador
    Biblioteca ESET - UNQ Biblioteca ESET - UNQ CIRCULACION 02/12/2022 370 FRE 59631 02/12/2022 Libros    
    Biblioteca ESET - UNQ Biblioteca ESET - UNQ CIRCULACION 22/12/2023     22/04/2024 Libros   Gladys Alarcon

ESET UNQ

☏ 4365-7188
 Avenida República de Francia 1714 entre Doctor Kenny y Concordia, Ezpeleta, Bs As.
✉ secretaria_eset@unq.edu.ar

Con tecnología Koha